00426cam a22001337a 4500008004000000082001600040100002400056245004400080260002500124300001000149650004800159650005300207650003200260180718b1980 xxu||||| |||| 00| 0 eng d aB5x497 K897 aKrishna Moorthy, K. aAfter Tito what?cby K. Krishna Moorthy aDelhibRadiantc1980 a207p. aYugoslavia --Foreign relations --1945-1980. aYugoslavia --Politics and government --1945-1980 aTito, Josip Broz, 1892-1980